000 00698nam a22001817a 4500
999 _c59386
_d59386
003 Ge_BSU
005 20230202115159.0
008 230202s2002 ge ||||| |||| 00| 0 geo d
020 _a9992884452
041 _ageo
080 _a349.41(479.22) (094.4) ს-32
245 _aსაქართველოს კანონმდებლობა მიწის შესახებ.
264 _aთბილისი :
_bბონა კაზუა,
_c2002.
300 _a270 გვ. :
_bცხრ. ;
_c21 სმ.
490 _aიურისტის ბიბლიოთეკა
653 _a საქართველოს მიწის კანონი.
942 _2udc
_cBK